000 00465nam a22001937a 4500
003 MPLRDC
005 20220104124517.0
008 210129b ||||| |||| 00| 0 eng d
020 _a7-5358-0614-7
082 _a859.4 ZGXT v.1
100 _a武玉桂著
245 _a怪帽子
_c
250 _a一版二刷
260 _a
_b湖南少年儿童出版社
_c1991
300 _b
490 _a中国新童话丛书
650 _a
942 _cBK
_o859.4 ZGXT v.1
999 _c19911
_d19901